CF Anglais - Statistiques

Statistiques générales
  • Ce quiz a été pris 24 fois
    16 depuis la dernière actualisation
  • Le résultat moyen est 19 sur 39
Statistiques - réponses
Hint Réponse % Correct
Has the Senate a number of senators proportional to the population of each state (y or n) n
92%
Name of the 1st President of the USA (elected in 1789) Georges Washington
85%
Are the republican for state rights (y / n) y
85%
Christopher Colombus arrives in America (easy) 1492
77%
The Revolutionary war lasted from 1775 to ... (battle of Yorktown in 1781) 1783
77%
According to the Constitution, can state governments enter treaties (yes or no) no
69%
The "slave states" were in the ... south
69%
Are the democrats for progressive taxation ? (yes / no) yes
69%
Today what is the % of natives in the USA population (567 tribes) 1,3%
62%
Date of the Declaration of Independence 1776
62%
What's the date of the Indian Removal Act by Andrew Jackson (100k+ natives were moved) 1830
62%
Name of the belief in America's divine mission to expand & spread their traditions Manifest Destiny
62%
Under the Articles of Confederation (1781-1789), the federal gov. had very little ... on the states power
62%
Why did the Puritans left England : for ... reasons religous
62%
In what state (didn't exist at the time) were the first English colonies in America ? Virginia
62%
Year of the First Continental Congress (in Philadelphia) 1774
54%
Date of the Bill of Rights (first 10 Amendments) 1791
54%
Year of creation of the Confederate States of America (beginning of Civil War) 1861
54%
Year of Lincoln's Emancipation Proclamation 1863
54%
Name of a big political party (not the Democrats you fool) Republican
54%
Congress can declare ... war
54%
A lot of new English taxation articles on american settlers were added in the years 1760
46%
Year of Boston Massacre 1770
46%
Year of the 13th amendement (abolition of slavery and same year Lincoln gets assasinated) 1865
46%
How do you call the Supreme Court Judges ? Justices
46%
Name of the city where was signed the treaty ending the Revolutionary War Paris
46%
Year of the Constitutional Convention at Philadelphia : from revision to a new Consitution adopted in September 1787
31%
Year of the Louisiana Purchase (doubled the size of the country) 1803
31%
Year of the other compromise 1850
31%
The movement that was against slavery wanted the .... abolition
31%
Nov 1777 : the 2nd Continental Congress adopts the articles of ... Confederation
31%
Name of the 1870-1900 era with the creation of a modern industrial economy with the US a leader Gilded Age
31%
Before the imperialism, the USA was more ... isolationist
31%
whats the best state of the USA Ohio
31%
Year of the Missouri Compromise 1820
23%
December 8th 1863 : Proclamation of Amnesty and ... (10% plan) Reconstruction
23%
Name of the 1786 revolution against the Confederation Shay
23%
1865 : end of Civil War. Number of deaths on both sides 600k+
15%
Process of standardization and getting the states to look the same : the teacher called that the ... of society macdonaldization
8%
Aucun quiz correspondant
Distribution des résultats
% des personnes avec chaque résultat
Percentile par nombre de réponses
Votre historique - résultats
Vous n’avez pas pris ce quiz depuis la dernière actualisation